00375nam a2200121Ia 4500008004100000020001400041040001300055100001300068245008200081260004600163300001500209700002900224 1979xxk er 0 1 0 eng  a723407444 aNG-ZaABU aFrey, D. 2aA Colour Atlas of Pathogenic Fungicby D. Frey, R.J.Oldfield and R.C. Bridger aLondon:bWolfe Medical Publicationsc1979 a168p.:ill. aOlds, R.J.;Bridger, R.C.